| 000 | 00754 a2200217 4500 | ||
|---|---|---|---|
| 010 | _aENG-89357 | ||
| 020 |
_a8186722076 _c545.00 |
||
| 035 | _aEN-72890 | ||
| 037 | _bDBAD / PUB | ||
| 082 | 1 | 4 | _a304.668 |
| 090 |
_c10806 _d10806 |
||
| 100 | 1 | _aJain, Ashok K. | |
| 245 | 1 |
_aThe saga of female foeticide in lndia/ _cby Ashok K. Jain |
|
| 260 |
_aDelhi _bSocio Legal Offshoots,Ascent Publications _c2006 |
||
| 260 | _bt) | ||
| 270 |
_a21/29, Shakti Nagar, _bDelhi _cDelhi _e110007 _k23847953 _mascentlawpub@yahoo.com |
||
| 300 |
_axxiii, 214 p. _c21 cm ( Hb.) |
||
| 500 | _aIncludes bibliographical references | ||
| 942 |
_adpl _cEN _k304.668/JAI |
||
| 999 |
_c10507 _d10507 |
||